Geografia Ukrainy od A do Z - Statystyki

Ogólne statystyki
  • Ten quiz został rozwiązany 31 razy
  • Średni wynik to 18 z 24
Statystyki odpowiedzi
Litera Pytanie Odpowiedź % Poprawnych
C Jaką nazwę nosi morze stanowiące południowe wybrzeże Ukrainy? Czarne
100%
L Niegdyś to miasto było największym miastem polskich kresów wschodnich (312 000 mieszkańców) Lwów
100%
R Z jakim krajem Ukraina graniczy od południa? Rumunia
100%
B Jaka rzeka stanowi naturalną granicę pomiędzy Polską a Ukrainą? Bug
96%
K Które miasto jest stolicą Ukrainy? Kijów
96%
D Jaką nazwę nosi rzeka przepływająca przez ukraińską stolicę? Dniepr
92%
F Ze względu na duże zanieczyszczenie ten ssak morski właściwie wyginał na ukraińskich wybrzeżach. Foka mniszka
92%
H Jaką nazwę nosi obowiązująca na Ukrainie waluta? Hrywna
92%
O Jaką nazwę nosi duże miasto portowe w południowo-wschodniej części Ukrainy? Odessa
92%
Z Od którego kraju Ukraina ogłosiła swoją niepodległość w 1991 roku? Związek Radzieki
92%
N Kwas chlebowy to popularny ukraiński...? Napój
88%
P Jaką nazwę nosi opuszczone po katastrofie w czarnobylskiej elektrowni jądrowej miasto na Ukrainie? Prypeć
88%
T Jaką nazwę nosi grupa ludów tureckich wywodzących się z Mongolii zamieszkująca między innymi dzisiejszą Ukrainę? Tatarzy
88%
W Z którym krajem Ukraina ma spór terytorialny o region Zakarpacia? Węgry
88%
Ż Jaką nazwę nosi występujący w południowo-zachodniej Ukrainie gatunek dzikiego kota? Żbik
88%
A W tym mieście na Ukrainie w 1919 roku doszło do powstania antybolszewickieg? Nazwa miasta jest identyczna jak dużego egipskiego miasta portowego. Aleksandria
72%
M Do linii którego kraju należał zestrzelony w 2014 roku przez rosyjskich separatystów samolot pasażerski? Malezja
68%
G Ta formacja skalna zajmuje jedynie około 4% powierzchni Ukrainy. Góry
60%
J Jałpuh, Szackie, Niesamowite to przykłady ukraińskich.... ? Jezioro
56%
I Jak miał na imię drugi władca Rusi Kijowskiej panujący w latach 912-945 Igor
36%
E Jak nazywał się ruch społeczny i fala protestów na Ukrainie który w latach 2013-2014 w wyniku którego doszło do przewrotu rządu i prezydenta? Euromajdan
28%
S Która roślina jest uważana za narodowy kwiat Ukrainy? Słonecznik
20%
Ś Jaką nazwę nosi największe jezioro na terytorium Ukrainy? Świtaź
12%
U Jaką nazwę nosi park narodowy na pograniczu Polski, Ukrainy i Słowacji słynący między innymi z dużej populacji salamandry? Użański park narodowy
8%
Nie znaleziono quizów pasujących do podanych kryteriów
Rozkład punktacji
Procent ludzi z każdym wynikiem
Percentyl według liczby udzielonych odpowiedzi
Twoja historia wyników
Nie rozwiązałeś tego quizu